Oživil slovenské rozprávky

Bibliographic Details
Main Author: Vozárová-Strážayová, Ľubica (Author)
Format: Article
Language:Slovak
PhysicalDescription:Fotogr.
ISSN:0862-8823
Subjects:

MARC

LEADER 00000nab a2200000 a 4500
001 vtls000653925
003 SK-MaSNL
005 20260303215652.0
008 180206c xo 0 slo
015 |a SNBRA1998/03-07067 
035 |a CLN000006118 
040 |a SNKBUCL  |b slo  |c SNKBUCL  |e AACR2 
041 0 |a slo 
044 |a xo  |c SK 
080 |a 82:929:885.4  |2 UDC-MRF-SK2 
080 |a 885.4:929  |2 UDC-MRF-SK2 
100 1 |a Vozárová-Strážayová, Ľubica  |4 aut  |9 842007 
245 1 0 |a Oživil slovenské rozprávky  |c Ľubica Vozárová-Strážayová 
300 |b Fotogr. 
600 1 7 |a Dobšinský, Pavol,  |d 1828-1885  |2 snkbucl  |9 242422 
655 7 |a články z novín a časopisov  |2 snkbucl  |9 267496 
773 0 |x 0862-8823  |t Slovenské národné noviny  |g Roč. 9 (13), č. 13 (1998), s. 8 
850 |a Slovenská národná knižnica v Martine 
852 |a SNK  |b KIS3GCP 
958 |a RBX 
999 |c 2222613  |d 2224543